[Event "Las Vegas National op"]
[Site "Las Vegas"]
[Date "2016.06.25"]
[Round "3"]
[White "Wang, Philip Xiao"]
[Black "Foisor, Sabina Francesca"]
[Result "1-0"]
[WhiteElo "2386"]
[BlackElo "2286"]
[PlyCount "97"]
[EventDate "2016.06.24"]
[EventType "swiss"]
[EventRounds "6"]
[EventCountry "USA"]
[SourceTitle "CBM 173 Extra"]
[Source "ChessBase"]
[SourceDate "2016.08.29"]
[SourceVersion "1"]
[SourceVersionDate "2016.08.29"]
[SourceQuality "1"]

1. d4 d5 2. c4 e6 3. Nf3 Nf6 4. g3 Be7 5. Bg2 0-0 6. 0-0 c6 7. Qc2 b6 8. Nbd2 Bb7 9. e4 Na6 10. e5 Nd7 11. cxd5 cxd5 12. a3 Nc7 13. Re1 a5 14. Nf1 Ba6 15. h4 a4 16. Ng5 g6 17. Nh2 Bc4 18. Ng4 Nb8 19. Qd2 h5 20. Nh2 Bxg5 21. hxg5 Nc6 22. Qf4 Nb5 23. Be3 Kg7 24. g4 h4 25. Rad1 Rh8 26. Bf1 Na5 27. Bxc4 Nxc4 28. Bc1 Rc8 29. Nf3 Kf8 30. Kg2 Ke8 31. Rh1 Qe7 32. Nxh4 Kd7 33. Nf3 Na7 34. Rh6 Nc6 35. Rdh1 Rhg8 36. Rh7 Rcf8 37. Ne1 Ke8 38. Nd3 b5 39. Bd2 Nxd2 40. Qxd2 Nxd4 41. Qa5 Nb3 42. Qxb5+ Qd7 43. Qb6 Qd8 44. Qa6 Qd7 45. Nb4 Kd8 46. R1h3 d4 47. Rf3 Nc5 48. Qb6+ Qc7 49. Nc6+ 1-0

[Event "Los Angeles op 10th"]
[Site "Los Angeles"]
[Date "2013.10.11"]
[Round "1"]
[White "Liao, Simone"]
[Black "Wang, Philip Xiao"]
[Result "1-0"]
[WhiteElo "2013"]
[BlackElo "2397"]
[PlyCount "73"]
[EventDate "2013.10.11"]
[EventType "swiss"]
[EventRounds "5"]
[EventCountry "USA"]
[SourceTitle "EXT 2015"]
[Source "ChessBase"]
[SourceDate "2014.11.20"]
[SourceVersion "1"]
[SourceVersionDate "2014.11.20"]
[SourceQuality "1"]

1. e4 e6 2. d4 d5 3. Nc3 Bb4 4. e5 Ne7 5. a3 Bxc3+ 6. bxc3 c5 7. Qg4 Kf8 8. h4 Qc7 9. Ra2 Nbc6 10. h5 h6 11. Nf3 Qa5 12. Bd2 cxd4 13. cxd4 Qa4 14. Bd3 b6 15. 0-0 Ba6 16. Bxa6 Qxa6 17. Qf4 Rc8 18. Rfa1 Qa4 19. Bb4 Ke8 20. c3 a5 21. Bd6 Na7 22. Rb2 Nb5 23. Qd2 Nf5 24. Qd3 Nbxd6 25. exd6 Nxd6 26. Rxb6 Nc4 27. Rb7 Qc6 28. Rab1 Rf8 29. Qh7 Nxa3 30. R1b6 Qxc3 31. Rxe6+ fxe6 32. Qxg7 Qc1+ 33. Ne1 Rc7 34. Rxc7 Qxc7 35. Qxc7 Rf5 36. Qd6 Kf7 37. Qxa3 1-0

[Event "Los Angeles Metropolitan 16th"]
[Site "Los Angeles"]
[Date "2012.02.26"]
[Round "9"]
[White "Kavutskiy, Konstantin"]
[Black "Wang, Philip Xiao"]
[Result "1/2-1/2"]
[WhiteElo "2315"]
[BlackElo "2372"]
[PlyCount "65"]
[EventDate "2012.02.22"]
[EventType "tourn"]
[EventRounds "9"]
[EventCountry "USA"]
[EventCategory "3"]
[SourceTitle "CBM 147 Extra"]
[Source "ChessBase"]
[SourceDate "2012.04.24"]
[SourceVersion "1"]
[SourceVersionDate "2012.04.24"]
[SourceQuality "1"]

1. d4 d5 2. c4 e6 3. Nf3 Nf6 4. g3 dxc4 5. Bg2 Nc6 6. 0-0 Rb8 7. e3 b5 8. Qe2 Be7 9. Rd1 0-0 10. e4 Nb4 11. Ne1 Bb7 12. Nc3 Qe8 13. Bf4 Rc8 14. a3 Na6 15. Nc2 c6 16. h4 Qd7 17. Ne3 Rfd8 18. Bh3 Qe8 19. Bg5 h6 20. Bxf6 Bxf6 21. e5 Be7 22. f4 Rc7 23. f5 Bf8 24. fxe6 fxe6 25. Qg4 Bc8 26. Ne4 Kh8 27. Ng2 c5 28. Nf4 Kh7 29. Nh5 Qg6 30. Nhf6+ gxf6 31. Nxf6+ Kg7 32. Nh5+ Kh7 33. Nf6+ 1/2-1/2

[Event "Los Angeles Metropolitan 16th"]
[Site "Los Angeles"]
[Date "2012.02.25"]
[Round "7"]
[White "Amanov, Zhanibek"]
[Black "Wang, Philip Xiao"]
[Result "1/2-1/2"]
[WhiteElo "2402"]
[BlackElo "2372"]
[PlyCount "78"]
[EventDate "2012.02.22"]
[EventType "tourn"]
[EventRounds "9"]
[EventCountry "USA"]
[EventCategory "3"]
[SourceTitle "CBM 147 Extra"]
[Source "ChessBase"]
[SourceDate "2012.04.24"]
[SourceVersion "1"]
[SourceVersionDate "2012.04.24"]
[SourceQuality "1"]

1. e4 c5 2. Nf3 Nc6 3. d4 cxd4 4. Nxd4 e6 5. Nc3 Qc7 6. g3 a6 7. Bg2 Nf6 8. Nb3 Be7 9. a4 0-0 10. 0-0 b6 11. f4 d6 12. Be3 Rb8 13. g4 Na5 14. g5 Nd7 15. Rf3 Nc4 16. Bc1 Re8 17. Rh3 g6 18. Qe1 Nf8 19. Qh4 b5 20. axb5 axb5 21. f5 exf5 22. Nd5 Qd8 23. Nd4 Ne5 24. Ra7 Rb7 25. Rxb7 Bxb7 26. exf5 Bxd5 27. Bxd5 Qb6 28. Be3 Bd8 29. Bf2 Qc5 30. Bb3 Bb6 31. Qe4 d5 32. Qe2 b4 33. Ba4 Re7 34. f6 Ra7 35. Qxe5 Rxa4 36. Qe8 Ra7 37. Kg2 Rc7 38. Rf3 Rc8 39. Qe7 Qa5 1/2-1/2

[Event "Los Angeles Metropolitan 16th"]
[Site "Los Angeles"]
[Date "2012.02.24"]
[Round "5"]
[White "Troff, Kayden W"]
[Black "Wang, Philip Xiao"]
[Result "1/2-1/2"]
[WhiteElo "2257"]
[BlackElo "2372"]
[PlyCount "44"]
[EventDate "2012.02.22"]
[EventType "tourn"]
[EventRounds "9"]
[EventCountry "USA"]
[EventCategory "3"]
[SourceTitle "CBM 147 Extra"]
[Source "ChessBase"]
[SourceDate "2012.04.24"]
[SourceVersion "1"]
[SourceVersionDate "2012.04.24"]
[SourceQuality "1"]

1. d4 d5 2. c4 e6 3. Nf3 Nf6 4. g3 dxc4 5. Bg2 Nc6 6. 0-0 Rb8 7. Nc3 a6 8. e4 b5 9. d5 Nb4 10. b3 exd5 11. exd5 Be7 12. bxc4 bxc4 13. Ne5 Bd7 14. Nxc4 Bb5 15. Nxb5 Rxb5 16. a4 Rb8 17. Ne3 0-0 18. Ba3 Qd7 19. Qe2 Qxa4 20. Nf5 Bc5 21. Rfc1 Rfe8 22. Qf3 Qb5 1/2-1/2

[Event "Los Angeles Metropolitan op 1st"]
[Site "Los Angeles"]
[Date "2011.08.20"]
[Round "6"]
[White "Bodek, Michael H"]
[Black "Wang, Philip Xiao"]
[Result "1-0"]
[WhiteElo "2191"]
[BlackElo "2371"]
[PlyCount "106"]
[EventDate "2011.08.17"]
[EventType "swiss"]
[EventRounds "9"]
[EventCountry "USA"]
[SourceTitle "CBM 144 Extra"]
[Source "ChessBase"]
[SourceDate "2011.10.28"]
[SourceVersion "1"]
[SourceVersionDate "2011.10.28"]
[SourceQuality "1"]

1. e4 c5 2. Nf3 Nc6 3. d4 cxd4 4. Nxd4 e6 5. Nc3 Qc7 6. g3 a6 7. Bg2 Nf6 8. 0-0 Nxd4 9. Qxd4 Bc5 10. Bf4 d6 11. Qd3 Nd7 12. Na4 e5 13. Bd2 Bd4 14. Nc3 Nf6 15. Ne2 Be6 16. Nxd4 Bc4 17. Qf3 Bxf1 18. Nf5 Bxg2 19. Nxg7+ Ke7 20. Kxg2 Ne8 21. Nf5+ Kd7 22. Ne3 f6 23. Nd5 Qd8 24. Be3 Ke6 25. Bb6 Qc8 26. Qb3 Kf7 27. Nc7+ Ke7 28. Nxa8 Qxa8 29. Qc4 Rf8 30. Re1 Kd7 31. Rd1 Qc8 32. Qxc8+ Kxc8 33. c4 Kd7 34. a4 Kc6 35. a5 f5 36. exf5 Rxf5 37. Rd3 e4 38. Re3 Nf6 39. Bd4 d5 40. Bxf6 Rxf6 41. Rb3 Rf7 42. Rb6+ Kc5 43. cxd5 Kxd5 44. Kf1 Kd4 45. Ke2 h5 46. h4 Ke5 47. Rb3 Rc7 48. f3 exf3+ 49. Kxf3 Kf5 50. Rb6 Rg7 51. Rb4 Rd7 52. g4+ Ke5 53. g5 Kf5 1-0

[Event "Los Angeles Metropolitan op 1st"]
[Site "Los Angeles"]
[Date "2011.08.20"]
[Round "7"]
[White "Wang, Philip Xiao"]
[Black "Yanayt, Eugene"]
[Result "1-0"]
[WhiteElo "2371"]
[BlackElo "2236"]
[PlyCount "67"]
[EventDate "2011.08.17"]
[EventType "swiss"]
[EventRounds "9"]
[EventCountry "USA"]
[SourceTitle "CBM 144 Extra"]
[Source "ChessBase"]
[SourceDate "2011.10.28"]
[SourceVersion "1"]
[SourceVersionDate "2011.10.28"]
[SourceQuality "1"]

1. d4 Nf6 2. c4 g6 3. Nf3 Bg7 4. g3 0-0 5. Bg2 d6 6. 0-0 Nc6 7. Nc3 a6 8. h3 Rb8 9. e4 b5 10. e5 dxe5 11. dxe5 Qxd1 12. Rxd1 Nd7 13. cxb5 axb5 14. Be3 e6 15. Rac1 Ne7 16. b4 c6 17. Bg5 Nd5 18. Nxd5 cxd5 19. Be7 Re8 20. Bd6 Rb7 21. Bf1 f6 22. Rc2 fxe5 23. Rdc1 Nb6 24. Bxb5 Bd7 25. Bxd7 Rxd7 26. Bxe5 Nc4 27. Bxg7 Kxg7 28. Nd2 Nxd2 29. Rxd2 Ra7 30. b5 Rb8 31. Rb2 Kf6 32. b6 Rab7 33. Rc6 Ke7 34. Re2 1-0

[Event "Los Angeles Metropolitan 6th"]
[Site "Los Angeles"]
[Date "2011.06.05"]
[Round "8"]
[White "Wang, Philip Xiao"]
[Black "Taylor, Timothy"]
[Result "0-1"]
[WhiteElo "2350"]
[BlackElo "2296"]
[PlyCount "112"]
[EventDate "2011.06.01"]
[EventType "tourn"]
[EventRounds "9"]
[EventCountry "USA"]
[EventCategory "3"]
[SourceTitle "CBM 142 Extra"]
[Source "ChessBase"]
[SourceDate "2011.06.27"]
[SourceVersion "1"]
[SourceVersionDate "2011.06.27"]
[SourceQuality "1"]

1. d4 Nf6 2. c4 e5 3. dxe5 Ng4 4. Nf3 Nc6 5. Bg5 Be7 6. Bxe7 Qxe7 7. Nc3 0-0 8. Nd5 Qd8 9. e3 Re8 10. Be2 Ngxe5 11. Nxe5 Nxe5 12. 0-0 d6 13. Qd4 Bf5 14. Rad1 Nd7 15. b4 a5 16. c5 Re4 17. Qd2 dxc5 18. bxc5 Nxc5 19. Qc2 Qd6 20. Nf6+ Qxf6 21. Qxc5 c6 22. Rd2 g6 23. Rfd1 Qe7 24. Qb6 Rb4 25. Rd8+ Kg7 26. Qxb4 Qxb4 27. Rxa8 Qb2 28. Bf3 Qxa2 29. g4 Be6 30. g5 f6 31. Ra7 Qb3 32. Rxa5 fxg5 33. Rxg5 Bf5 34. Kh1 Be4 35. Rd7+ Kf6 36. Rg3 Qb1+ 37. Kg2 Bd3 38. Rg4 Qf1+ 39. Kg3 Qg1+ 40. Bg2 Bf5 41. Rd6+ Ke7 42. Rgd4 h5 43. h4 g5 44. hxg5 c5 45. Rd1 h4+ 46. Kf3 Qh2 47. R6d5 h3 48. Bh1 Bc2 49. Rc1 b6 50. e4 Bb3 51. Rf5 Qd6 52. Re1 Bd1+ 53. Ke3 Qd4+ 54. Kf4 Qxf2+ 55. Ke5 Qxe1 56. Bf3 Qc3+ 0-1

[Event "Los Angeles Metropolitan 6th"]
[Site "Los Angeles"]
[Date "2011.06.03"]
[Round "5"]
[White "Carreto Nieto, Geovanni"]
[Black "Wang, Philip Xiao"]
[Result "0-1"]
[WhiteElo "2243"]
[BlackElo "2350"]
[PlyCount "72"]
[EventDate "2011.06.01"]
[EventType "tourn"]
[EventRounds "9"]
[EventCountry "USA"]
[EventCategory "3"]
[SourceTitle "CBM 142 Extra"]
[Source "ChessBase"]
[SourceDate "2011.06.27"]
[SourceVersion "1"]
[SourceVersionDate "2011.06.27"]
[SourceQuality "1"]

1. e4 c5 2. Nf3 Nc6 3. d4 cxd4 4. Nxd4 e6 5. Nc3 Qc7 6. Be3 a6 7. Qd2 Nf6 8. f3 Ne5 9. 0-0-0 b5 10. Qe1 b4 11. Na4 d5 12. Nb3 Bb7 13. Nb6 Rd8 14. exd5 Nxd5 15. Nxd5 Rxd5 16. Rxd5 Bxd5 17. Qg3 f6 18. Bxa6 Bd6 19. Qh3 0-0 20. Rd1 Ra8 21. Be2 Rxa2 22. Rxd5 exd5 23. Qe6+ Kf8 24. Qxd5 Qc6 25. Qe6 Be7 26. Qf5 Kg8 27. f4 g6 28. Qh3 Nc4 29. Bf3 Qa6 30. Bd5+ Kg7 31. Bxc4 Qxc4 32. Kb1 Ra8 33. Qd7 Kf8 34. Nd4 Qf1+ 35. Bc1 Qa6 36. c3 Qd3+ 0-1

[Event "Los Angeles Metropolitan 6th"]
[Site "Los Angeles"]
[Date "2011.06.02"]
[Round "2"]
[White "Wang, Philip Xiao"]
[Black "Atoufi, Pedram"]
[Result "1-0"]
[WhiteElo "2350"]
[BlackElo "2281"]
[PlyCount "75"]
[EventDate "2011.06.01"]
[EventType "tourn"]
[EventRounds "9"]
[EventCountry "USA"]
[EventCategory "3"]
[SourceTitle "CBM 142 Extra"]
[Source "ChessBase"]
[SourceDate "2011.06.27"]
[SourceVersion "1"]
[SourceVersionDate "2011.06.27"]
[SourceQuality "1"]

1. d4 Nf6 2. c4 g6 3. Nf3 Bg7 4. g3 0-0 5. Bg2 d6 6. 0-0 Nbd7 7. Nc3 e5 8. e4 a6 9. Qc2 c6 10. Rd1 Qe7 11. h3 Nh5 12. b3 f5 13. Ba3 exd4 14. Nxd4 c5 15. Nde2 Ne5 16. f4 Nc6 17. Nd5 Qd8 18. e5 Qa5 19. Bb2 dxe5 20. fxe5 Nxe5 21. Bc3 Qd8 22. Qb2 Re8 23. Kh2 Qd6 24. Ndf4 Qc7 25. Nxh5 gxh5 26. Nf4 h4 27. Re1 Bd7 28. Bd5+ Kf8 29. Re3 Re7 30. Rae1 Rae8 31. Nd3 hxg3+ 32. Kg2 f4 33. Rf1 Bf6 34. Rxf4 Nxd3 35. Rxf6+ Kg7 36. Rc6+ Re5 37. Rxc7 Nxb2 38. Rxe5 1-0

[Event "Los Angeles Metropolitan 3rd"]
[Site "Los Angeles"]
[Date "2011.02.26"]
[Round "7"]
[White "Kretchetov, Alexandre"]
[Black "Wang, Philip Xiao"]
[Result "1/2-1/2"]
[WhiteElo "2323"]
[BlackElo "2317"]
[PlyCount "69"]
[EventDate "2011.02.23"]
[EventType "tourn"]
[EventRounds "9"]
[EventCountry "USA"]
[EventCategory "3"]
[SourceTitle "CBM 141 Extra"]
[Source "ChessBase"]
[SourceDate "2011.05.03"]
[SourceVersion "1"]
[SourceVersionDate "2011.05.03"]
[SourceQuality "1"]

1. d4 f5 2. Nf3 Nf6 3. g3 g6 4. b3 Bg7 5. Bb2 0-0 6. Bg2 d6 7. 0-0 c6 8. Nbd2 a5 9. a3 Na6 10. Re1 Qc7 11. c4 Re8 12. e4 fxe4 13. Nxe4 Nxe4 14. Rxe4 Bf5 15. Re3 e5 16. dxe5 dxe5 17. Qe2 e4 18. Nd4 Nc5 19. Nxf5 gxf5 20. Bxg7 Qxg7 21. Rd1 Red8 22. f3 Qg5 23. Re1 Nd3 24. Rf1 f4 25. Rxe4 Qc5+ 26. Kh1 Qxa3 27. Re7 Qd6 28. Bh3 fxg3 29. hxg3 Qg6 30. f4 Re8 31. f5 Rxe7 32. Qxe7 Qxg3 33. Qe6+ Kh8 34. Qf6+ Kg8 35. Qe6+ 1/2-1/2

[Event "Los Angeles Metropolitan 3rd"]
[Site "Los Angeles"]
[Date "2011.02.23"]
[Round "1"]
[White "Wang, Philip Xiao"]
[Black "Carreto Nieto, Geovanni"]
[Result "1-0"]
[WhiteElo "2317"]
[BlackElo "2231"]
[PlyCount "67"]
[EventDate "2011.02.23"]
[EventType "tourn"]
[EventRounds "9"]
[EventCountry "USA"]
[EventCategory "3"]
[SourceTitle "CBM 141 Extra"]
[Source "ChessBase"]
[SourceDate "2011.05.03"]
[SourceVersion "1"]
[SourceVersionDate "2011.05.03"]
[SourceQuality "1"]

1. d4 Nf6 2. c4 c5 3. d5 b5 4. cxb5 a6 5. f3 e6 6. e4 exd5 7. e5 Qe7 8. Qe2 Ng8 9. Nc3 c4 10. Nh3 Bb7 11. Nf4 Qc5 12. Nfxd5 Bxd5 13. Be3 Qb4 14. a3 axb5 15. axb4 Rxa1+ 16. Kf2 Bc6 17. b3 Ra3 18. bxc4 Rxc3 19. Qb2 Rxe3 20. Kxe3 Ne7 21. Qa3 g6 22. Qa7 Bh6+ 23. Kf2 0-0 24. cxb5 Bd5 25. Bd3 Rc8 26. Re1 Bd2 27. Re2 Bxb4 28. Rc2 Rxc2+ 29. Bxc2 Nbc6 30. bxc6 Nxc6 31. Qxd7 Bc5+ 32. Kg3 Ne7 33. Qc7 Nc6 34. Ba4 1-0

[Event "North American op 20th"]
[Site "Las Vegas"]
[Date "2010.12.26"]
[Round "1"]
[White "Wang, Philip Xiao"]
[Black "Veech, John"]
[Result "1-0"]
[WhiteElo "2317"]
[BlackElo "2040"]
[PlyCount "51"]
[EventDate "2010.12.26"]
[EventType "swiss"]
[EventRounds "7"]
[EventCountry "USA"]
[SourceTitle "CBM 140 Extra"]
[Source "ChessBase"]
[SourceDate "2011.03.01"]
[SourceVersion "1"]
[SourceVersionDate "2011.03.01"]
[SourceQuality "1"]

1. d4 d5 2. c4 c6 3. Nf3 Nf6 4. e3 Bf5 5. Nc3 e6 6. Nh4 Bg6 7. Be2 Nbd7 8. 0-0 Ne4 9. Nxg6 hxg6 10. g3 Bd6 11. Nxe4 dxe4 12. f4 exf3 13. Rxf3 Nf6 14. Rf2 Ne4 15. Rg2 Qg5 16. Bf3 f5 17. Qc2 Rxh2 18. Kxh2 Nxg3 19. Kg1 0-0-0 20. e4 f4 21. Qf2 Qh4 22. Rh2 Qg5 23. Qg2 e5 24. Rh3 Qf6 25. d5 Bc5+ 26. Kh2 1-0

[Event "Southern California-ch"]
[Site "Los Angeles"]
[Date "2010.08.14"]
[Round "1"]
[White "Peters, Jack"]
[Black "Wang, Philip Xiao"]
[Result "0-1"]
[WhiteElo "2379"]
[BlackElo "2293"]
[PlyCount "68"]
[EventDate "2010.08.14"]
[EventType "tourn"]
[EventRounds "7"]
[EventCountry "USA"]
[EventCategory "2"]
[SourceTitle "CBM 138 Extra"]
[Source "ChessBase"]
[SourceDate "2010.10.29"]
[SourceVersion "1"]
[SourceVersionDate "2010.10.29"]
[SourceQuality "1"]

1. e4 c5 2. Nf3 Nc6 3. d4 cxd4 4. Nxd4 e6 5. Nc3 Qc7 6. g3 a6 7. Bg2 Nf6 8. 0-0 Nxd4 9. Qxd4 Bc5 10. Bf4 d6 11. Qd2 h6 12. Rad1 e5 13. Be3 Be6 14. Bxc5 dxc5 15. Nd5 Bxd5 16. exd5 Qd6 17. f4 0-0 18. fxe5 Qxe5 19. d6 Qxb2 20. Rb1 Qxa2 21. Rxb7 Rfd8 22. Re1 a5 23. Rc7 Rab8 24. Rxc5 a4 25. Qd3 Qb2 26. Rd1 Qb6 27. Qd4 a3 28. Bd5 Rxd6 29. Kg2 a2 30. Qc4 Nxd5 31. Rcxd5 Rxd5 32. Qxd5 Qb2 33. Rf1 a1Q 34. Rxf7 Kh8 0-1

[Event "Southern California-ch"]
[Site "Los Angeles"]
[Date "2010.08.14"]
[Round "2"]
[White "Wang, Philip Xiao"]
[Black "Gupta, Ankit"]
[Result "1/2-1/2"]
[WhiteElo "2293"]
[BlackElo "2204"]
[PlyCount "72"]
[EventDate "2010.08.14"]
[EventType "tourn"]
[EventRounds "7"]
[EventCountry "USA"]
[EventCategory "2"]
[SourceTitle "CBM 138 Extra"]
[Source "ChessBase"]
[SourceDate "2010.10.29"]
[SourceVersion "1"]
[SourceVersionDate "2010.10.29"]
[SourceQuality "1"]

1. d4 d5 2. c4 dxc4 3. e4 c5 4. d5 Nf6 5. Nc3 b5 6. Bf4 Qa5 7. Bd2 Nbd7 8. Nf3 Ng4 9. Be2 b4 10. Nb1 Ba6 11. 0-0 g6 12. Bc1 Nge5 13. Nfd2 Bg7 14. f4 Nd3 15. Nxc4 Bd4+ 16. Kh1 Bxc4 17. Bxd3 Bxd3 18. Qxd3 a6 19. a4 0-0 20. Nd2 Qc7 21. a5 f5 22. e5 Qb7 23. Qc4 Qb5 24. Qxb5 axb5 25. Nf3 Nb6 26. Nxd4 cxd4 27. Rd1 Nxd5 28. Rxd4 e6 29. Bd2 Rfc8 30. Bxb4 Ne3 31. Bc3 Nc2 32. Rdd1 Nxa1 33. Rxa1 Rc4 34. g3 b4 35. Ra4 Rb8 36. a6 bxc3 1/2-1/2

[Event "USA College-ch"]
[Site "Brownsville"]
[Date "2010.04.11"]
[Round "3"]
[White "Wang, Philip Xiao"]
[Black "Antal, Gergely"]
[Result "1/2-1/2"]
[WhiteElo "2306"]
[BlackElo "2511"]
[PlyCount "53"]
[EventDate "2010.04.10"]
[EventType "team-tourn"]
[EventRounds "3"]
[EventCountry "USA"]
[SourceTitle "CBM 135 Extra"]
[Source "ChessBase"]
[SourceDate "2010.05.04"]
[SourceVersion "1"]
[SourceVersionDate "2010.05.04"]
[SourceQuality "1"]

1. e4 c5 2. Nf3 e6 3. d4 cxd4 4. Nxd4 Nf6 5. Bd3 Nc6 6. Nb3 d5 7. exd5 exd5 8. 0-0 Be7 9. N1d2 0-0 10. h3 a5 11. a4 Nb4 12. Bb5 Bd7 13. Nd4 Ne4 14. c3 Bxb5 15. axb5 Nd3 16. Nxe4 dxe4 17. Qg4 Re8 18. Qxe4 Nxc1 19. Raxc1 Bg5 20. Qxb7 Bxc1 21. Rxc1 a4 22. Ra1 h6 23. Qc6 Qg5 24. Nf3 Qd8 25. Nd4 Qg5 26. Nf3 Qd8 27. Nd4 1/2-1/2

[Event "Los Angeles Century West op"]
[Site "Los Angeles"]
[Date "2010.01.09"]
[Round "3"]
[White "Khachiyan, Melikset"]
[Black "Wang, Philip Xiao"]
[Result "1/2-1/2"]
[WhiteElo "2537"]
[BlackElo "2306"]
[PlyCount "40"]
[EventDate "2010.01.08"]
[EventType "swiss"]
[EventRounds "5"]
[EventCountry "USA"]
[SourceTitle "CBM 134 Extra"]
[Source "ChessBase"]
[SourceDate "2010.03.03"]
[SourceVersion "1"]
[SourceVersionDate "2010.03.03"]
[SourceQuality "1"]

1. d4 Nf6 2. Nf3 g6 3. g3 Bg7 4. Bg2 d5 5. c4 c6 6. cxd5 cxd5 7. Nc3 0-0 8. 0-0 Ne4 9. Ne5 Nxc3 10. bxc3 Nd7 11. Nxd7 Qxd7 12. Qb3 Rd8 13. e4 dxe4 14. Bxe4 Qc7 15. Bf4 e5 16. Bxe5 Bxe5 17. dxe5 Qxe5 18. Rfe1 Qc5 19. Qb4 Qxb4 20. cxb4 Be6 1/2-1/2